Early modern humans from Předmostí near Přerov, Czech Republic: a new reading of old documentation (Record no. 29261)

MARC details
000 -LEADER
fixed length control field 00768nam a2200169Ia 4500
020 ## - INTERNATIONAL STANDARD BOOK NUMBER
ISBN 9788020015860
050 ## - CALL MARK
Classification number GN772.22.C95 .E27/
245 #0 - TITLE STATEMENT
Title Early modern humans from Předmostí near Přerov, Czech Republic: a new reading of old documentation
260 ## - PUBLICATION, DISTRIBUTION, ETC. (IMPRINT)
Place of publication Praha
260 ## - PUBLICATION, DISTRIBUTION, ETC. (IMPRINT)
Name of publisher Academia
260 ## - PUBLICATION, DISTRIBUTION, ETC. (IMPRINT)
Year of publication 2008
300 ## - PHYSICAL DESCRIPTION
Number of Pages 398 p
650 ## - SUBJECT ADDED ENTRY--TOPICAL TERM
Topical Term Neanderthals--Czech Republic--Předmostí. Human remains (Archaeology)--Czech Republic--Předmostí. Excavations (Archaeology)--Czech Republic--Předmostí. Gravettian culture--Czech Republic--Předmostí. Předmostí (Czech Republic)--Antiquities. Přerov (Czech Republic : Okres)--Antiquities.
942 ## - ADDED ENTRY ELEMENTS (KOHA)
Koha item type Books
Holdings
Withdrawn status Lost status Source of classification or shelving scheme Damaged status Not for loan Permanent Location Current Location Date acquired Accession Number Price effective from Koha item type
    Library of Congress Classification     NILE UNIVERSITY OF NIGERIA - MAIN LIBRARY NILE UNIVERSITY OF NIGERIA - MAIN LIBRARY 04/23/2025 0186385 04/23/2025 Books